[Event "Challenge"]
[Site "http://www.queenalice.com/game.php?id=1081873"]
[Date "2012.7.12"]
[Round "-"]
[White "Aracy"]
[Black "polo"]
[Result "0-1"]
[WhiteElo "2065"]
[BlackElo "2270"]

1. e4 Nc6 2. Nf3 f5 3. e5 d6 4. Bb5 dxe5 5. Nxe5 Qd5 6. Bxc6+ bxc6 7. Nf3 e6 8.
Nc3 Qa5 9. Qe2 Bd6 10. Nd4 Nf6 11. Nxe6 Kf7 12. Nxg7 Kxg7 13. O-O Re8 14. Qd1
Qe5 15. f4 Qd4+ 16. Kh1 Ng4 17. Ne2 Nf2+ 18. Kg1 Nh3+ 19. Kh1 Qf2 20. gxh3 Qxe2
21. d4 Ba6 22. Qxe2 Rxe2 23. c3 Bc4 24. Kg1 Kf6 25. Rf2 Rg8+ 26. Kf1 Re4+ 0-1

[Event "AUTO-ELITE-1019"]
[Site "http://www.queenalice.com/game.php?id=1083163"]
[Date "2012.7.16"]
[Round "1"]
[White "kookaburra"]
[Black "polo"]
[Result "0-1"]
[WhiteElo "2266"]
[BlackElo "2319"]

1. e4 Nc6 2. d4 d5 3. Nc3 dxe4 4. d5 Ne5 5. Qd4 Ng6 6. Qxe4 Nf6 7. Qa4+ Bd7 8.
Bb5 a6 9. Bxd7+ Qxd7 10. Qxd7+ Kxd7 11. Nf3 e5 12. dxe6+ fxe6 13. Bg5 Bb4 14.
O-O-O+ Ke7 15. Bd2 Bc5 16. Rhf1 h6 17. h4 Rad8 18. g3 Rhf8 19. Na4 Bd6 20. h5
Nxh5 21. Nd4 Kf7 22. Nc3 Be7 23. Be3 e5 24. Nf5 Bb4 25. Nd5 Rxd5 26. Rxd5 Ke6
27. Nxg7+ Nxg7 28. Rd3 Nf5 29. Rh1 Be7 30. Bd2 e4 31. Re1 Nd6 32. Bb4 Ne5 33.
Rb3 Rxf2 34. Bxd6 Bg5+ 35. Kb1 cxd6 36. a4 d5 37. Rb6+ Kf5 38. Rxb7 Nf3 39. Rd1
e3 40. Rxd5+ Ke4 41. Rc5 e2 42. Rb4+ Nd4 43. c3 e1=Q+ 44. Ka2 Bf6 0-1

[Event "AUTO-ELITE-1019"]
[Site "http://www.queenalice.com/game.php?id=1083164"]
[Date "2012.7.16"]
[Round "1"]
[White "polo"]
[Black "kookaburra"]
[Result "1-0"]
[WhiteElo "2300"]
[BlackElo "2252"]

1. e4 d5 2. exd5 Nf6 3. Nf3 Nxd5 4. d4 g6 5. c4 Nb6 6. c5 Nd5 7. Bc4 Bg7 8. Qb3
c6 9. Nc3 e6 10. O-O O-O 11. Re1 Nd7 12. Bg5 f6 13. Bd2 Re8 14. h4 Nf8 15. Ne4
Re7 16. Nd6 b5 17. Bd3 a5 18. Be4 Ba6 19. h5 a4 20. Qd3 b4 21. Qc2 gxh5 22. Bxd5
cxd5 23. Qxa4 Ng6 24. Qxb4 e5 25. Qb3 Bc4 26. Nxc4 dxc4 27. Qxc4+ Kh8 28. d5 Rd7
29. d6 f5 30. Qe6 f4 31. Nxe5 Bxe5 32. Rxe5 Rg7 33. Rxh5 Nf8 34. Qd5 Raa7 35.
Bc3 1-0

[Event "AUTO-ELITE-1019"]
[Site "http://www.queenalice.com/game.php?id=1083171"]
[Date "2012.7.16"]
[Round "1"]
[White "polo"]
[Black "BEBADO"]
[Result "1-0"]
[WhiteElo "2292"]
[BlackElo "2200"]

1. e4 c5 2. Na3 Nc6 3. Bb5 d6 4. c3 Nf6 5. d3 g6 6. Nf3 Bg7 7. Nc4 O-O 8. O-O
Qc7 9. Bg5 a6 10. Bxc6 Qxc6 11. Ne3 b6 12. Nd2 Bb7 13. Bxf6 exf6 14. Nd5 Rfe8
15. Nc4 Rad8 16. Ncxb6 1-0

[Event "AUTO-ELITE-1019"]
[Site "http://www.queenalice.com/game.php?id=1083172"]
[Date "2012.7.16"]
[Round "1"]
[White "BEBADO"]
[Black "polo"]
[Result "1/2-1/2"]
[WhiteElo "2227"]
[BlackElo "2337"]

1. e4 Nc6 2. Nf3 f5 3. exf5 d5 4. Bb5 Bxf5 5. Ne5 Bd7 6. Nxd7 Qxd7 7. d4 Nf6 8.
O-O e6 9. Re1 Bd6 10. c4 dxc4 11. Be3 O-O-O 12. Qa4 a6 13. Bxc4 Ng4 14. h3 Nxe3
15. fxe3 e5 16. d5 Ne7 17. Qc2 Bb4 18. Nc3 Bxc3 19. Qxc3 Nxd5 20. Qxe5 Rhe8 21.
Qxd5 Qxd5 22. Bxd5 Rxd5 23. Re2 Kd7 24. Rf1 Rd3 25. Rf7+ Re7 26. Rxe7+ Kxe7 27.
Kf2 c6 28. Rc2 Rd1 29. Ke2 Ra1 30. a3 Rg1 31. Kf3 Rb1 32. Ke4 Ke6 33. Rd2 a5 34.
Rc2 h6 35. Rf2 b6 36. Rc2 c5 37. Rd2 Rc1 38. Rf2 Rd1 1/2-1/2

[Event "Challenge"]
[Site "http://www.queenalice.com/game.php?id=1094311"]
[Date "2012.8.18"]
[Round "-"]
[White "polo"]
[Black "Aracy"]
[Result "1-0"]
[WhiteElo "2331"]
[BlackElo "2124"]

1. e4 c6 2. Nc3 d5 3. Qf3 dxe4 4. Nxe4 Nd7 5. Qe2 Ndf6 6. d3 Nxe4 7. dxe4 e5 8.
Bd2 Be6 9. O-O-O Bxa2 10. Nf3 Qc7 11. Bc3 f6 12. b3 Ba3+ 13. Bb2 Qe7 14. Qc4 Bc5
15. Qa4 Bxb3 16. Qxb3 Bxf2 17. Bc4 Nh6 18. Ba3 Bc5 19. Bxc5 Qxc5 20. Qxb7 Qe3+
21. Rd2 Rd8 22. Rd1 Kf8 23. Nxe5 Re8 24. Nd7+ Ke7 25. Kb1 f5 26. Nc5+ Kf6 27.
Rd6+ Kg5 28. Qxg7+ Kh5 29. Rxh6+ Qxh6 30. Be2+ 1-0

[Event "Challenge"]
[Site "http://www.queenalice.com/game.php?id=1094312"]
[Date "2012.8.18"]
[Round "-"]
[White "Aracy"]
[Black "polo"]
[Result "0-1"]
[WhiteElo "2140"]
[BlackElo "2326"]

1. e4 Nc6 2. Nf3 f5 3. Nc3 fxe4 4. Nxe4 d5 5. Ng3 Nf6 6. Bb5 g6 7. Ne5 Qd6 8.
Nxc6 bxc6 9. Be2 h5 10. f3 h4 11. Nf1 Nh5 12. d4 Bg7 13. c3 O-O 14. Bg5 Rb8 15.
Bxh4 Nf4 16. Ne3 Qe6 17. Bf2 Rxb2 18. Bf1 Ba6 19. Rc1 Bxf1 20. Kxf1 c5 21. dxc5
Qa6+ 22. c4 d4 23. Ng4 Qxa2 24. Be1 Ne2 25. Rb1 Qxc4 26. Rxb2 Nc3+ 27. Qe2 Nxe2
28. Rxe2 d3 29. Rd2 Qxg4 30. h3 Rxf3+ 31. gxf3 Qxf3+ 32. Kg1 Bd4+ 33. Bf2 Qg3+
34. Kf1 Qf4 35. Ra2 d2 36. Rxd2 Qxd2 37. Bxd4 Qxd4 38. Rg1 Qxg1+ 39. Kxg1 a5 0-1

[Event "Challenge"]
[Site "http://www.queenalice.com/game.php?id=1108563"]
[Date "2012.10.2"]
[Round "-"]
[White "Aracy"]
[Black "polo"]
[Result "0-1"]
[WhiteElo "2134"]
[BlackElo "2310"]

1. e4 Nc6 2. d4 d5 3. e5 f6 4. Bb5 Bf5 5. Nf3 Qd7 6. c3 a6 7. Ba4 e6 8. O-O Nge7
9. exf6 gxf6 10. Re1 Rg8 11. Nh4 O-O-O 12. b4 Bg4 13. f3 Bh3 14. Re2 e5 15. b5
axb5 16. Bxb5 Qe8 17. dxe5 fxe5 18. Rxe5 Bg7 19. Rg5 d4 20. gxh3 dxc3 21. Qc2
Bd4+ 22. Kf1 Rxg5 23. Bxg5 Qh5 24. f4 Nd5 25. Qb3 Na5 26. Qa4 Nxf4 27. Bxd8 Qd5
28. Qxd4 Qxb5+ 29. Kg1 Ne2+ 30. Kh1 Nxd4 31. Nxc3 Qc6+ 32. Kg1 Qxc3 33. Rd1 Kxd8
34. Nf5 Nc6 35. h4 Qf3 36. Rxd4+ Nxd4 37. Nxd4 Qe3+ 0-1

[Event "AUTO-ELITE-1060"]
[Site "http://www.queenalice.com/game.php?id=1110193"]
[Date "2012.10.7"]
[Round "1"]
[White "URANUS"]
[Black "polo"]
[Result "1-0"]
[WhiteElo "2479"]
[BlackElo "2332"]

1. e4 d5 2. exd5 Qxd5 3. Nc3 Qd6 4. d4 c6 5. Nf3 Bg4 6. h3 Bxf3 7. Qxf3 Nf6 8.
Be3 e6 9. O-O-O Be7 10. Bd3 Nbd7 11. g4 Nb6 12. g5 Nfd5 13. Ne4 Qd8 14. c3 O-O
15. h4 Na4 16. h5 a5 17. Qg4 Qb6 18. Qe2 Qc7 19. Bc2 b5 20. Qd3 Rfd8 21. Bd2
Nab6 22. Ng3 f5 23. Nxf5 1-0

[Event "AUTO-ELITE-1060"]
[Site "http://www.queenalice.com/game.php?id=1110194"]
[Date "2012.10.7"]
[Round "1"]
[White "polo"]
[Black "URANUS"]
[Result "0-1"]
[WhiteElo "2317"]
[BlackElo "2489"]

1. e4 e5 2. Nf3 Nc6 3. Bb5 a6 4. Ba4 Nf6 5. O-O b5 6. Bb3 Bc5 7. c3 O-O 8. d4
Bb6 9. Re1 d6 10. Bc2 Qe7 11. h3 h6 12. Nbd2 exd4 13. Nxd4 Nxd4 14. cxd4 Bxd4
15. Nf3 Bb6 16. e5 dxe5 17. Nxe5 Qd6 18. Qf3 Rb8 19. Bb3 Bb7 20. Qg3 Rbe8 21.
Bf4 Nh5 22. Qh4 Qd4 23. Bg3 Qxh4 24. Bxh4 g5 25. g4 Nf6 26. Bg3 Kg7 27. Rad1 Ne4
28. Rxe4 Bxe4 29. Nd7 Rh8 30. Be5+ Rxe5 31. Nxe5 Re8 32. Nxf7 Bf3 33. Rd7 Re1+
34. Kh2 Bc6 35. Rd3 Rh1+ 36. Kg3 Rg1+ 37. Kh2 Rg2+ 0-1

[Event "AUTO-ELITE-1019"]
[Site "http://www.queenalice.com/game.php?id=1110296"]
[Date "2012.10.7"]
[Round "2"]
[White "polo"]
[Black "URANUS"]
[Result "0-1"]
[WhiteElo "2334"]
[BlackElo "2474"]

1. e4 Nc6 2. d4 d5 3. exd5 Qxd5 4. Nf3 Bg4 5. Be2 O-O-O 6. Nc3 Qh5 7. h3 Nf6 8.
O-O e5 9. hxg4 Nxg4 10. Be3 exd4 11. Bg5 f6 0-1

[Event "AUTO-ELITE-1019"]
[Site "http://www.queenalice.com/game.php?id=1110297"]
[Date "2012.10.7"]
[Round "2"]
[White "URANUS"]
[Black "polo"]
[Result "1-0"]
[WhiteElo "2484"]
[BlackElo "2324"]

1. e4 c6 2. d4 d5 3. Nc3 dxe4 4. Nxe4 Nd7 5. Nf3 Ngf6 6. Nxf6+ Nxf6 7. Ne5 Bf5
8. c3 e6 9. g4 Bg6 10. h4 Bd6 11. Qe2 c5 12. dxc5 Be4 13. cxd6 Bxh1 14. Bf4 O-O
15. O-O-O Nd5 16. Bg3 Qxd6 17. Nxf7 Qe7 18. Ng5 Rac8 19. Qe5 h6 20. Bd3 hxg5 21.
Rxh1 Qf6 22. Qe4 Nxc3 23. bxc3 Qxc3+ 24. Kd1 Qa1+ 25. Ke2 Qxa2+ 26. Ke3 Qd5 27.
Qh7+ Kf7 28. Rd1 Qc5+ 29. Ke2 Rh8 30. Qg6+ Kf8 31. Rc1 Rh6 32. Bd6+ Kg8 33. Rxc5
1-0

[Event "Challenge"]
[Site "http://www.queenalice.com/game.php?id=1111557"]
[Date "2012.10.11"]
[Round "-"]
[White "Huevo"]
[Black "polo"]
[Result "0-1"]
[WhiteElo "1468"]
[BlackElo "2321"]

1. e4 Nc6 2. d4 d5 3. exd5 Qxd5 4. Nf3 Bg4 5. Be2 O-O-O 6. Be3 e5 7. c4 Qa5+ 8.
Bd2 Qa6 9. d5 Bxf3 10. Bxf3 Nd4 11. b3 Nf6 12. O-O e4 13. Be2 Nxd5 14. Nc3 Nxc3
15. Bxc3 Nf3+ 16. Bxf3 Rxd1 17. Bg4+ Rd7 18. Rfd1 Bd6 19. Bxd7+ Kxd7 0-1

[Event "Challenge"]
[Site "http://www.queenalice.com/game.php?id=1112120"]
[Date "2012.10.13"]
[Round "-"]
[White "polo"]
[Black "Aracy"]
[Result "1-0"]
[WhiteElo "2322"]
[BlackElo "2133"]

1. d4 d5 2. c4 dxc4 3. Nf3 b5 4. e3 c6 5. a4 Qc7 6. axb5 cxb5 7. Nc3 Qb7 8. b3
b4 9. Na4 c3 10. Nc5 Qb6 11. Ne5 Bb7 12. Nxb7 Qxb7 13. Be2 Nf6 14. Bf3 Nd5 15.
Ra5 e6 16. Bxd5 exd5 17. Qf3 a6 18. Rxd5 Ra7 19. e4 Qe7 20. O-O Qe6 21. Qg3 Rb7
22. Nc4 f6 23. Re1 Kf7 24. Rd8 Nd7 25. e5 Kg8 26. Bh6 Nb6 27. Nxb6 Qxb6 28. Ra8
Qxd4 29. e6 Qc5 30. Bf4 Ra7 31. Be3 Rxa8 32. Bxc5 Bxc5 33. Qc7 h6 34. Qxc5 Rb8
35. Qd5 Rb5 36. e7+ Rxd5 37. e8=Q+ Kh7 38. Qe4+ f5 39. Qxd5 Rf8 40. Qc5 Rb8 41.
Qxf5+ Kh8 42. Re7 Rg8 43. Qf7 a5 44. Qxg8+ Kxg8 45. Ra7 c2 46. Rc7 a4 47. Rxc2
a3 48. Rc8+ Kf7 49. Rb8 a2 50. Ra8 1-0

[Event "Challenge"]
[Site "http://www.queenalice.com/game.php?id=1126599"]
[Date "2012.11.28"]
[Round "-"]
[White "Aracy"]
[Black "polo"]
[Result "1-0"]
[WhiteElo "2127"]
[BlackElo "2345"]

1. d4 Nf6 2. Nf3 d5 3. c4 e6 4. e3 Be7 5. Bd3 c5 6. O-O O-O 7. Nc3 a6 8. cxd5
exd5 9. dxc5 Bxc5 10. e4 Nxe4 11. Nxe4 dxe4 12. Bxe4 Qxd1 13. Rxd1 Nd7 14. Bd3
Nf6 15. Bg5 Be6 16. a3 Rac8 17. Bxf6 gxf6 18. Be4 Rc7 19. b4 Ba7 20. Rd2 f5 21.
Bd5 Rd8 22. Bxe6 Rxd2 23. Bxf7+ Kxf7 24. Nxd2 Rc2 25. Rd1 Ra2 26. Kf1 Ke6 27.
Re1+ Kf6 28. Ke2 Rxa3 29. Rc1 Bb8 30. Rc4 Ra2 31. Rh4 Kg6 32. Kd3 Bd6 33. Nc4
Bc7 34. Nd2 Bd6 35. Nc4 1-0